000 00595nam a2200217 a 4500
001 000038701
003 DO-SdBNP
005 20221107133841.0
007 ta
008 130418s1998 dr 000 0 spa d
040 _aDO-SdBNP
_bspa
_cBNPHU
082 _222
_axxx
_bP252c
110 _aParlamento Centroamericano
_982743
245 0 0 _aConstituciones de Centroamerica, Panama y República Dominicana
260 _aCentroamerica :
_bComisión Jurídica,,
_c1998.
300 _a538 p. ;
_c23 cm.
590 _aInventariado, 2022 / DG
700 _914576
910 _aDG
942 _2ddc
_cLBS1
999 _c52819
_d52819